000 00428nam a2200181Ia 4500
001 3391
005 20260306145640.0
008 260306t1998||||xx |||||||||||||| ||spa||
041 _aESP
082 _a272
_bA32 1998
100 _aAgustín, Santo, Obispo de Hipona
_eAUT
245 0 _aLa ciudad de Dios
260 _c1998
300 _a625 páginas :
_c21 cm.
650 _aGEN
654 _aCHU
942 _cLIB
_dJUS
_fJUS
_2ddc
_n
999 _c3391
_d3391